Statistics for Random Landmarks by Picture

Click here to take the quiz!

General Stats

  • This quiz has been taken 112 times
  • The average score is 7 of 12

Answer Stats

Answer% Correct
Acropolis
100%
Alcatraz
100%
Angel Falls
100%
Angkor Wat
100%
Arc de Triomphe
100%
Atomium
100%
Brandenburg Gate
100%
CN Tower
100%
Disney World
100%
Dome of the Rock
100%
Easter Island
100%
EPCOT
100%
Forbidden City
100%
Gateway Arch
100%
Giant's Causeway
100%
Golden Gate Bridge
100%
Great Pyramid of Giza
100%
Great Sphinx of Giza
100%
Great Wall of China
100%
Helsinki Cathedral
100%
Hoover Dam
100%
Iguazu Falls
100%
Lincoln Memorial
100%
Machu Picchu
100%
Matterhorn
100%
Merlion Park
100%
Milan Cathedral
100%
Mont Saint-Michel
100%
Mount Everest
100%
Mount Rushmore
100%
Notre-Dame de Paris
100%
Nyhavn
100%
One World Trade Center
100%
Rialto Bridge
100%
State Hermitage Museum
100%
Times Square
100%
Tokyo Tower
100%
Tower of London
100%
Trevi Fountain
100%
Victoria Falls
100%
White Cliffs of Dover
100%
Willis Tower
100%
Florence Cathedral
50%
Luxor Temple
50%
The Shard
50%
Washington Monument
50%
Canton Tower
33%
Alhambra
0%
Banff National Park
0%
Belem Tower
0%
Berlin Cathedral
0%
Berlin Wall
0%
Big Ben
0%
Blue Domes of Santorini
0%
Borobudur
0%
Bran Castle
0%
Brooklyn Bridge
0%
Bryce Canyon National Park
0%
Buckingham Palace
0%
Burj Al-Arab
0%
Burj Khalifa
0%
Chichen Itza
0%
Christ the Redeemer
0%
Clifton Bridge
0%
Cloud Gate
0%
Cologne Cathedral
0%
Colosseum
0%
Crater Lake
0%
Devils Tower
0%
Eden Project
0%
Eiffel Tower
0%
Empire State Building
0%
Fallingwater
0%
Flatiron Building
0%
Gardens by the Bay
0%
Grand Canyon
0%
Great Buddha
0%
Guggenheim Museum
0%
Hagia Sophia
0%
Ha Long Bay
0%
Hopewell Rocks
0%
India Gate
0%
Kaaba
0%
Kilimanjaro
0%
Kremlin
0%
Lake Bled
0%
Leaning Tower of Pisa
0%
Leshan Giant Buddha
0%
Liberty Bell
0%
London Eye
0%
Lotus Temple
0%
Louvre
0%
Manneken Pis
0%
Marina Bay Sands
0%
Monument Valley
0%
Motherland Calls
0%
Mount Fuji
0%
Neuschwanstein Castle
0%
Niagara Falls
0%
Oriental Pearl Tower
0%
Osaka Castle
0%
Parliament Hill
0%
Petra
0%
Petronas Towers
0%
Potala Palace
0%
Red Fort
0%
Rock of Gibraltar
0%
Sacré-Coeur
0%
Sagrada Familia
0%
Space Needle
0%
Statue of Liberty
0%
St. Basil's Cathedral
0%
Stonehenge
0%
St. Paul's Cathedral
0%
St. Peter's Basilica
0%
Summer Palace
0%
Sydney Opera House
0%
Taipei 101
0%
Taj Mahal
0%
Temple of Heaven
0%
Terracotta Army
0%
The Alamo
0%
The Little Mermaid
0%
Tian Tan Buddha
0%
Tokyo Skytree
0%
Tower Bridge
0%
Transamerica Pyramid
0%
Uluru
0%
United States Capitol
0%
White House
0%
Yellowstone National Park
0%
Yosemite National Park
0%

Score Distribution

Percentile by Number Answered

Percent of People with Each Score

Your Score History

You have not taken this quiz